Zvyšovanie účinnosti mzdovej sústavy v spotrebných družstvách záverečná práca postgraduálneho štúdia

Gespeichert in:
Bibliographische Detailangaben
1. Verfasser: Péteri, Julian
Körperschaft: Vysoká škola ekonomická v Bratislave
Weitere Verfasser: Vávra, V.
Format: Buch
Sprache:Slowakisch
Veröffentlicht: Bratislava 1989
Tags: Tag hinzufügen
Keine Tags, Fügen Sie das erste Tag hinzu!

MARC

LEADER 00000nam a2200000 4500
001 c032338
005 20221215072122.9
041 0 |a slo 
044 |a SK 
245 1 0 |a Zvyšovanie účinnosti mzdovej sústavy v spotrebných družstvách  |b záverečná práca postgraduálneho štúdia  |c Julian Péteri ; Ved. práce V. Vávra 
264 1 |a Bratislava  |c 1989 
300 |a 37 s. 
100 1 |a Péteri, Julian 
700 1 |a Vávra, V. 
710 2 |a Vysoká škola ekonomická v Bratislave